000
00323nam a2200145 a 4500
005
20140414131934.0
008
100520s19uu xx 00 eng d
050
_a
REF 574
_b
B87 2000
100
_a
Burnie, David
245
_a
Life.
440
_a
Eyewitness books
650
_a
Life
999
_c
112374
_d
112374